| 000 | 00409nab a2200145Ia 4500 | ||
|---|---|---|---|
| 003 | ES-SlBCS | ||
| 005 | 20210601131740.0 | ||
| 008 | 140529s1932 xxu||||| |||| 00| 0 fre d | ||
| 041 | _afre | ||
| 100 | 1 |
_aValray, Louis _9188545 |
|
| 245 | 0 | 0 |
_aFilm éducatifs _c Louis Valray |
| 650 | 0 | 4 |
_aCine Educativo _9188546 |
| 773 | 0 |
_tVie Intelectuelle (La) _gvol. 16, nº. 1-2, 1932, págs. 51-53 _wRev907 |
|
| 942 | _cAR | ||
| 999 |
_c568143 _d568143 |
||